| 000 | 01030nam2a2200313 4500 | ||
|---|---|---|---|
| 001 | RU\NLR\bibl\168739 | ||
| 005 | 20250618055725.0 | ||
| 021 |
_aRU _b2001-15851 _9737 |
||
| 035 | _a(NLR Aleph) 000165544 | ||
| 090 |
_a952924 _c952924 |
||
| 100 | _a20010619d2000 |||y0rusy50 ca | ||
| 101 | 0 | _arus | |
| 102 | _aRU | ||
| 105 | _aa ||||||||| | ||
| 200 | 0 | _aЧ. 2 | |
| 210 |
_d2000 _aБ. м. |
||
| 215 |
_a49 с. _cил. |
||
| 320 | _aБиблиогр.: с. 48 | ||
| 461 | 0 |
_1001RU\NLR\bibl\171517 _12001#$aБиофизическая химия$vЧ. 2 _9969316 _aМакаров, Г. В. _cЛипецк _d2000 _fГ.В. Макаров _nЛГТУ _oКонспект лекций _tБиофизическая химия _vЧ. 2 |
|
| 610 | 0 | _aБиофизическая химия | |
| 675 |
_a577.1(075.8) _v3 _zrus |
||
| 686 |
_a31.27 _2rugasnti |
||
| 686 |
_a28.070я73 _2rubbk |
||
| 801 | 0 |
_aRU _bRKP _c20010619 _gPSBO |
|
| 801 | 1 |
_aRU _bRKP _c20010619 |
|
| 801 | 2 |
_aRU _bNLR _c20010724 _grcr |
|
| 942 | _cBOOK | ||
| 980 | _aNB | ||